000 00817cam a2200265 4500
001 J11438
008 000000n2002 000 0 eng u
035 _a(Sirsi) u117529
041 _aeng
050 _a711.52
110 _aCB Hillier Parker
_93660
245 _aShopping centres in the pipeline - February 2002
260 _aLondon
_bCB Hillier Parker
_c2002
300 _a1 pt. ; 30cm.
350 _a0
520 _aAvailable on the CB Hillier Parker website http://www.cbhillierparker.com
650 _aOUT OF TOWN DEVELOPMENT
650 _aSHOPPING CENTRES IN THE PIPELINE
650 _aSHOPPING CENTRES
650 _aRETAIL PROPERTY
650 _aTOWN CENTRE DEVELOPMENTS
690 _aPROPERTY-COMMERCIAL PROPERTY-RETAIL PROPERTY
856 _uhttps://www.cbhillierparker.com
942 _n0
999 _c102019
_d102019